000 00321 a2200157 4500
001 171162
020 _a
040 _cMagnum
100 _aCervantes, Miguel de
240 1 0 _aLa gitanilla
_lESP
245 1 0 _aLa gitanilla
362 0 _a1899
440 1 _aScipione
697 _aLITERATURA ESTRANGEIRA
942 _cBK
999 _c171162
_d171162